000
00285nam a2200121Ia 4500
005
20251222143227.0
008
251222s9999||||xx |||||||||||||| ||spa||
082
_a
158.6/R78
100
_a
Rojas, Demástenes
245
0
_a
Horizontes Vocacionales
264
_b
Tassorello
942
_c
LIB
999
_c
14032
_d
14032